00640nam a22002057a 450000500170000001000130001702000260003003500130005603700160006908200110008510000240009624500980012026000460021827000540026430000270031850000220034565000220036765000190038970000260040820170124110129.0 aB-106859 c245.00a9780195664775 aB-106859 bCen Lib/Ret aNbRAT aRath, Chandrasekhar aAstride the wheel :cby Chandrasekhar Rath; translated by Jatindra Kumar Nayakbyantrarudha / aNew DelhibOxford university press c2003 bNew DelhiaYMCA builiding, Jai singh roade110001 axxviii,179p.c21cm(Hb) aIncludes glossary aOriya literature  aOriya fiction  aNayak, Jatindra Kumar